000 00868nab a2200253 u 4500
001 20199
003 HDC
007 cr bn ---aaaaa
008 210304c20121018xx dr|noo 0 a eng d
040 _aHDC
100 _aDoherty, Mike
_eauthor
_918333
245 4 _aThe Story Behind The Stuff: Consumers' Growing Interest In "Real" Products / by
_cMike Doherty
260 _a[No place] :
_b[publisher not identified],
_c2012
300 _a1 online resource
336 _atext
_2rdacontent
337 _acomputer
_2rdamedia
338 _aonline resource
_2rdacarrier
650 _aReal products
_918334
710 _aHalal Focus
856 _zRequest full-text at [email protected]
942 _2lcc
942 _cNEWS
942 _kNWSO 006347
999 _c17515
_d17515